Relación pedagógica en la universidad: intersubjetividad y formación

Salvato in:
Dettagli Bibliografici
Autore principale: Cambursano, Susana Celina (Autore)
Natura: Libro
Lingua:spagnolo
Pubblicazione: Córdoba Encuentro Grupo Editor 2010
Edizione:1a. ed
Serie:Colección Génesis, 4
Soggetti:
Tags: Aggiungi Tag
Nessun Tag, puoi essere il primo ad aggiungerne!!

MARC

LEADER 00000cam a2200000 a 4500
001 UCF8184
003 CL-VaPUC
008 130802e20100000ag |||||||||||||||||spa|d
020 |a 9789871432783 
082 0 4 |a 371.1  |b CAM  |2 21 
100 0 |a Cambursano, Susana Celina  |e author  |9 570269 
245 1 0 |a Relación pedagógica en la universidad: intersubjetividad y formación 
250 |a 1a. ed 
300 |a 270 p 
942 |c BK 
945 |d 20130802 12:08:00  |a dcastane 
260 |a Córdoba  |b Encuentro Grupo Editor  |c 2010 
650 0 |a Formación profesional de profesores  |9 307493 
650 0 |a Formación docente   |9 494449 
650 0 |a Relaciones interpersonales  |9 307056 
583 |a last modification  |c 20130802 12:08:00  |k Rodrigo Vera 
490 0 |a Colección Génesis, 4 
999 |c 352819  |d 352817 
952 |0 0  |1 0  |4 0  |6 371_100000000000000_CAM_2010  |7 0  |8 A  |9 457494  |a BIBEDU  |b BIBEDU  |d 2019-11-22  |i 4992318  |o 371.1 CAM 2010  |p 4992318  |r 2019-11-22  |w 2019-11-22  |y BK  |k EPE